Statistics for Egypt by Picture

Click here to take the quiz!

General Stats

  • This quiz has been taken 42 times
  • The average score is 14 of 18

Answer Stats

Answer% Correct
Nile
100%
Giza
95%
Sphinx
95%
Papyrus
92%
Hippopotamus
92%
Alexander the Great
86%
Suez Canal
86%
Alexandria
86%
Sinai
84%
Moses
84%
Cleopatra
84%
Rosetta Stone
76%
{Aswan} High Dam
73%
Nefertiti
73%
Date
62%
Arab Spring
62%
Osiris
49%
Ankh
38%

Score Distribution

Percentile by Number Answered

Percent of People with Each Score

Your Score History

You have not taken this quiz